Gyandoh and Griffiths' sourcebook of the constitutional law of Ghana / (Record no. 4103)

MARC details
000 -LEADER
fixed length control field 01175cam a2200205 a 4500
020 ## - INTERNATIONAL STANDARD BOOK NUMBER
ISBN 9964960476 (v. 2., pt. 1)
020 ## - INTERNATIONAL STANDARD BOOK NUMBER
ISBN 9789964960476 (v. 2., pt. 1)
050 00 - CALL NUMBER
Classification number KRX1750
Item number .So8
245 00 - TITLE
Title Gyandoh and Griffiths' sourcebook of the constitutional law of Ghana /
Statement of responsibility, etc edited by Kofi Kumado and S.O. Gyandoh Jr.
250 ## - EDITION
Edition statement 2nd ed.
260 ## - PUBLICATION INFORMATION
Place of publication Accra :
Name of publisher Black Mask,
Year of publication 2009-2010.
300 ## - DESCRIPTION
Number of Pages 2 v. in 5 ;
Dimensions 26 cm.
500 ## - NOTES
General note Rev. ed. of : A Sourcebook of the constitutional law of Ghana / compiled by S. O. Gyandoh, Jnr., and J. Griffiths. 1972-<br/>Chronological cases reported
505 ## - FORMATTED CONTENTS NOTE
Table of Content Abadie v Quasie Oyam<br/>Quacoe Buafoo of Amantin v Enimil, King of Amantin<br/>Quacoe Koom v Owea and Kudjoe Tainee<br/>Amocoo v Duker<br/>Des Bordes v Des Bordes Mensah<br/>Oppon v Ackinie<br/>Welbeck and Other v brown and another<br/>J.J. Fischer & Co. v C. F. Swam<br/>Regina v Quaidoo<br/>Tamaklo v Mitchell<br/>Kwow Asamoah, a Prisoner at Abakrampa<br/>Bimpor v Abokie and others<br/>Bainyi v Dantsi; and Bainyi v Appaih<br/><br/><br/><br/>
650 #0 - SUBJECTS
Topical Term Constitutional law
700 1# - OTHER AUTHORS
Personal name Kumado, Kofi.
700 1# - OTHER AUTHORS
Personal name Gyandoh, Samuel O.
730 0# - OTHER AUTHORS
OTHER AUTHORS Sourcebook of the constitutional law of Ghana.
942 ## - ADDED ENTRY ELEMENTS (KOHA)
Koha item type Books
Holdings
Withdrawn status Lost status Collection code Home library Current library Shelving location Date acquired Source of acquisition Full call number Accession Number Koha item type
    Reference Methodist University Law Library Methodist University Law Library General Stacks   Purchased from Dansoman Book Shop KRX1750 .So8 4832 Books
    Reference Methodist University Law Library Methodist University Law Library General Stacks 20/08/2018 Purchased from Dansoman Book Shop KRX1750 .So8 4833 Books
    Reference Methodist University Law Library Methodist University Law Library General Stacks 20/08/2018 Purchased from Dansoman Book Shop KRX1750 .So8 4834 Books
    Reference Methodist University Law Library Methodist University Law Library General Stacks 20/08/2018 Purchased from Dansoman Book Shop KRX1750 .So8 4835 Books
Copyright © 2026  MUG Library